000 00967nam a2200229Ia 4500
001 L248-15109
003 IT-CnALBA
008 170116s9999||||xx |||||||||||||| ||und||
040 _aIT-CnALBA
_cIT-CnALBA
041 _aITALIANO
100 _aCERVIA ADRIANO
245 0 _aUNICA PERSONA MISTICA. CONSIDERAZIONI SULLA DOTTRINA DEL CORPO MISTICO.
250 _a1a ed.
260 _a ROCCA DI PAPA
_bMONDO MIGLIORE EDIZ.
_c1960 [1° Ed.:1960 - Ed.Ling.Originale: 1960]
300 _a191 p. (prefazione: 7)
500 _aMARIA E IL CORPO MISTICO. MEMBRA IN CROCE. INCARNAZIONE LITURGICA. SPIRITO DI DIO. PROSSIMO. GIOIA. NOZZE ETERNE.
501 _aSocietà San Paolo EM - Piazza San Paolo, 14 - 12051 ALBA (CN) (non commercial uses only) ® Copyright 2017
520 _aMARIA E IL CORPO MISTICO. MEMBRA IN CROCE. INCARNAZIONE LITURGICA. SPIRITO DI DIO. PROSSIMO. GIOIA. NOZZE ETERNE.
650 _aASCETICA E MISTICA
942 _cBK
957 _71
999 _a19859
_bNO
_g Copie: 1
_c274278
_d274278